José de Nazaret en la historia de la salvación / (Record no. 190482)

MARC details
000 -LEADER
campo de control de longitud fija 00763cam a2200229 4500
001 - NÚMERO DE CONTROL
campo de control 190482
003 - IDENTIFICADOR DE NÚMERO DE CONTROL
campo de control ES-MaACL
005 - FECHA Y HORA DE LA ÚLTIMA TRANSACCIÓN
campo de control 20250929063311.0
008 - DATOS DE LONGITUD FIJA--INFORMACIÓN GENERAL
campo de control de longitud fija 210406s2004 sp 001 0bspa
020 ## - NÚMERO INTERNACIONAL ESTÁNDAR DEL LIBRO
Número Internacional Estándar del Libro 84-96417-01-8
080 ## - NÚMERO DE LA CLASIFICACIÓN DECIMAL UNIVERSAL
Número de la Clasificación Decimal Universal 232.932
100 1# - ENTRADA PRINCIPAL--NOMBRE DE PERSONA
Nombre de persona Hernando Sánchez, José,
Fechas asociadas al nombre 1929-
9 (RLIN) 171238
245 10 - MENCIÓN DEL TÍTULO
Título José de Nazaret en la historia de la salvación /
Mención de responsabilidad, etc. José Hernando Sánchez.
250 ## - MENCION DE EDICION
Mención de edición 1ª ed.
260 ## - PUBLICACIÓN, DISTRIBUCIÓN, ETC.
Lugar de publicación, distribución, etc. Madrid :
Nombre del editor, distribuidor, etc. Solingraf :
-- Letra Clara,
Fecha de publicación, distribución, etc. 2004.
300 ## - DESCRIPCIÓN FÍSICA
Extensión 127 p. :
Otras características físicas 1 mapa ;
Dimensiones 21 cm.
504 ## - NOTA DE BIBLIOGRAFÍA, ETC.
Nota de bibliografía, etc. Bibliografía: p. 125-126.
600 07 - PUNTO DE ACCESO ADICIONAL DE MATERIA--NOMBRE DE PERSONA
Nombre de persona José,
Títulos y otros términos asociados al nombre Santo.
9 (RLIN) 164003
852 4# - LOCALIZACIÓN
Ubicación ES-MaACL
Número de control de estantería A-14686
itemnumber 197659
Sublocalización o colección R.152325
Ubicación en estantería Depósito 1
Signatura antigua Olim: N-7686
Donativo/Legado Donación: Editorial
942 ## - ELEMENTOS DE ENTRADA SECUNDARIOS (KOHA)
Fuente del sistema de clasificación o colocación Clasificación decimal universal
Tipo de ítem Koha Libro impreso
Holdings
Estatus retirado Estado de pérdida Fuente del sistema de clasificación o colocación Estado de daño No para préstamo Biblioteca de origen Biblioteca actual Ubicación en estantería Fecha de adquisición Fuente de adquisición Total de préstamos Signatura topográfica completa Código de barras Visto por última vez Precio de reemplazo Tipo de ítem Koha
    Clasificación decimal universal     Biblioteca del Ateneo de Madrid Biblioteca del Ateneo de Madrid Depósito 1 06/04/2021 Donación   A-14686 1202508 23/02/2023 23/02/2023 Libro impreso